El nacimiento del mundo moderno 1780-1914 (Registro nro. 310458)

Detalles MARC
000 -ENCABEZADO
Número de control [NR] 01037cam a2200277 a 4500
005 - FECHA Y HORA DE LA ÚLTIMA TRANSACCIÓN
control field 20180903112555.0
008 - DE LONGITUD FIJA DE DATOS DE ELEMENTOS - INFORMACIÓN GENERAL
Elementos de longitud fija [NR] 180903s2010 sp abo gr 001 0 spa d
015 ## - NUMERO DE BIBLIOGRAFIA NACIONAL [R]
Número de bibliografía nacional [R] NNN
020 ## - NUMERO INTERNACIONAL NORMALIZADO PARA LIBROS [R]
Número Internacional Normalizado del libro [NR] 9788432313257
040 ## - FUENTE DE CATALOGACION [NR]
Agencia de catalogación original [NR] CO-BoUCM
Idioma de catalogación [NR] spa
Quien Cataloga Saul Niño
Quien Clasifica Saul Niño
041 1# - CODIGO DE IDIOMA [R]
Código de idioma para texto/pista de sonido o título separado [R] Español
Language code of original and/or intermediate translations of text eng
100 1# - ASIENTO PRINCIPAL--NOMBRE PERSONAL [NR]
Nombre personal [NR] Bayly, Christopher Alan
ID Autoridad 93512
245 13 - MENCION DE TITULO [NR]
Título [NR] El nacimiento del mundo moderno 1780-1914
Parte restante del título [NR] conexiones y comparaciones globales
Mención de responsabilidad, etc. [NR] Cristopher Alan Bayly
246 10 - FORMA VARIANTE DEL TITULO [R]
Título propiamente dicho/forma breve del título [NR] Conexiones y comparaciones globales
260 ## - PUBLICACION, DISTRIBUCION, ETC. (PIE DE IMPRENTA) [R]
Lugar de publicación, distribución, etc. [R] Madrid (España)
Nombre del editor, distribuidor, etc. [R] Siglo XXI Editores
Fecha de publicación, distribución, etc. [R] 2010
300 ## - DESCRIPCION FISICA [R]
Extensión [R] xlviii, 649 páginas
Otros detalles físicos [NR] ilustraciones
650 #7 - ASIENTO SECUNDARIO DE MATERIA - TERMINO TEMATICO [R]
Término temático o nombre geográfico como elemento de entrada [NR] Historia moderna
Subdivisión cronológica [R] Siglo XVIII-XX
9 (RLIN) 16943
650 #7 - ASIENTO SECUNDARIO DE MATERIA - TERMINO TEMATICO [R]
Término temático o nombre geográfico como elemento de entrada [NR] Revoluciones
9 (RLIN) 370
650 #7 - ASIENTO SECUNDARIO DE MATERIA - TERMINO TEMATICO [R]
Término temático o nombre geográfico como elemento de entrada [NR] Globalización
9 (RLIN) 216
650 #7 - ASIENTO SECUNDARIO DE MATERIA - TERMINO TEMATICO [R]
Término temático o nombre geográfico como elemento de entrada [NR] Historia universal
9 (RLIN) 16951
Subdivisión cronológica [R] Siglo XVIII-XX
700 1# - ASIENTO SECUNDARIO - NOMBRE PERSONAL [R]
Nombre personal [NR] García, Richard
Término de relación [R] traductor
9 (RLIN) 93513
700 1# - ASIENTO SECUNDARIO - NOMBRE PERSONAL [R]
Nombre personal [NR] Palacios, Mónica
Término de relación [R] traductor
9 (RLIN) 93514
765 ## - ASIENTO DE IDIOMA ORIGINAL [R]
Título [NR] Birth of the modern world, 1780-1914
942 ## - ELEMENTOS DE ENTRADA AGREGADOS (KOHA)
Sistema de clasificación DEWEY
Tema principal Historia
Tipo de ítem principal el descrito en 300a Libro
Edición 1
Clasificación 909.8
Parte restante de la signatura top. B359n
Existencias
Fecha de último préstamo Total préstamos Total Renewals Signatura topográfica Código de barras Última vez visto Ejemplar Costo de reposición Price effective from Tipo de ítem Perdido Sistema de clasificación Dañado No prestable Tipo de ítem específico Suprimido Ubicación habitual Ubicación actual Localización Fecha de creación Proveedor Forma de adquisición Costo
13/01/2025 3 5 909.8 B359n 100157761 09/12/2025 Ej.1 142000.00 28/08/2018 Libro   DEWEY     Libro   Claustro Claustro 2do piso 28/08/2018 111 Compra 142000.00
22/02/2025 7 4 909.8 B359n 100157762 09/12/2025 Ej.2 142000.00 28/08/2018 Libro   DEWEY     Libro   Claustro Claustro 2do piso 28/08/2018 111 Compra 142000.00